00361nam a2200145Ia 4500008004100000041000800041082001600049100001200065245003100077260001900108300001200127650002300139650002500162700002800187210719s2005 xx 000 0 und d aeng a820.43 SRIE aSRIHARI aEpic characters of Puranas aBngalorec2005 a480bHB aEnglish Literature aIndian English Prose aMudambadithaya (G S) Tr